Pays où les espagnols déménagent le plus - Statistiques

Statistiques générales
  • Ce quiz a été pris 215 fois
  • Le résultat moyen est 12 sur 15
Statistiques - réponses
Top Pays % Correct
2 France
99%
15 Portugal
95%
1 Royaume-Uni
93%
14 Italie
92%
4 États-Unis
91%
3 Allemagne
89%
7 Mexique
87%
5 Argentine
86%
6 Suisse
81%
10 Canada
79%
8 Belgique
77%
9 Pays-Bas
74%
11 Australie
66%
12 Suède
59%
13 Irlande
57%
Aucun quiz correspondant
Distribution des résultats
% des personnes avec chaque résultat
Percentile par nombre de réponses
Votre historique - résultats
Vous n’avez pas pris ce quiz